000 00537nam a2200181Ia 4500
003 GCL
008 140319s9999 xx 000 0 ara d
040 _aGCL /
_cGCL
082 0 4 _a347.05
_bع ص
100 1 _aعلى عوض حسن
245 1 0 _aالصيغ القانونية فى دعاوى الايجارات /
_cعلى عوض حسن
260 _a[S.N] :
_bدار الفكر الجامعى ،
_c1992
300 _a258 ص
490 _a
650 0 4 _aالايجارات
650 0 4 _aالقانون المدنى
942 _2ddc
_cBK
999 _c55623
_d55623